|
|
|
|
| LEADER |
01017cam a2200301Ia 4500 |
| 001 |
9780203476314 |
| 003 |
FlBoTFG |
| 005 |
20101206162602.0 |
| 006 |
a|||||s||||||||||| |
| 007 |
cr|||| |
| 008 |
101206s2004 enka sb 001 0 eng d |
| 020 |
|
|
|a 9780203476314 (e-book : PDF)
|
| 040 |
|
|
|a FlBoTFG
|c FlBoTFG
|d GrThAP
|
| 043 |
|
|
|a e------
|a ff-----
|a aw-----
|
| 090 |
|
|
|a DG59.A2
|b W557 2004
|
| 092 |
|
|
|a 911.37
|b W624
|
| 100 |
1 |
|
|a Whittaker, C. R.
|
| 245 |
1 |
0 |
|a Rome and its frontiers
|h [electronic resource] :
|b the dynamics of change /
|c C.R. Whittaker.
|
| 260 |
|
|
|a London ;
|a New York :
|b Routledge,
|c 2004.
|
| 300 |
|
|
|a x, 246 p. :
|b ill.
|
| 504 |
|
|
|a Includes bibliographical references (p. 219-242) and index.
|
| 530 |
|
|
|a Also available in print edition.
|
| 538 |
|
|
|a Mode of access: World Wide Web.
|
| 651 |
|
0 |
|a Rome
|x Boundaries.
|
| 655 |
|
7 |
|a Electronic books.
|2 lcsh
|
| 776 |
1 |
|
|z 0415312000
|
| 776 |
1 |
|
|z 9780415312004
|
| 856 |
4 |
0 |
|u http://www.tandfebooks.com/isbn/9780203476314
|z Full Text via HEAL-Link
|